<?xml version="1.0" encoding="UTF-8"?>
<record
    xmlns:xsi="http://www.w3.org/2001/XMLSchema-instance"
    xsi:schemaLocation="http://www.loc.gov/MARC21/slim http://www.loc.gov/standards/marcxml/schema/MARC21slim.xsd"
    xmlns="http://www.loc.gov/MARC21/slim">

  <leader>00389nam a22001577a 4500</leader>
  <controlfield tag="003">OSt</controlfield>
  <controlfield tag="005">20231212072001.0</controlfield>
  <controlfield tag="008">221212b        xxu||||| |||| 00| 0 eng d</controlfield>
  <datafield tag="020" ind1=" " ind2=" ">
    <subfield code="a">81-947400-4-5</subfield>
  </datafield>
  <datafield tag="040" ind1=" " ind2=" ">
    <subfield code="c">IIMT UNIVERSITY MEERUT</subfield>
  </datafield>
  <datafield tag="100" ind1=" " ind2=" ">
    <subfield code="a">KAZMI, AZHAR</subfield>
  </datafield>
  <datafield tag="245" ind1=" " ind2=" ">
    <subfield code="a">STRATEGIC MANAGEMENT</subfield>
  </datafield>
  <datafield tag="260" ind1=" " ind2=" ">
    <subfield code="a">NEW DELHI</subfield>
    <subfield code="b">MC GRAW HILL</subfield>
    <subfield code="c">2022</subfield>
  </datafield>
  <datafield tag="300" ind1=" " ind2=" ">
    <subfield code="a">788</subfield>
  </datafield>
  <datafield tag="942" ind1=" " ind2=" ">
    <subfield code="2">ddc</subfield>
    <subfield code="c">01</subfield>
    <subfield code="e">5 EDITION</subfield>
  </datafield>
  <datafield tag="999" ind1=" " ind2=" ">
    <subfield code="c">56177</subfield>
    <subfield code="d">56177</subfield>
  </datafield>
  <datafield tag="952" ind1=" " ind2=" ">
    <subfield code="0">0</subfield>
    <subfield code="1">0</subfield>
    <subfield code="2">ddc</subfield>
    <subfield code="4">0</subfield>
    <subfield code="7">0</subfield>
    <subfield code="a">01</subfield>
    <subfield code="b">01</subfield>
    <subfield code="d">2022-12-12</subfield>
    <subfield code="i">HO/IN/130</subfield>
    <subfield code="o">658.4 KAZ</subfield>
    <subfield code="p">01-B-138685</subfield>
    <subfield code="r">2022-12-12</subfield>
    <subfield code="u">MANAGEMENT</subfield>
    <subfield code="w">2022-12-06</subfield>
    <subfield code="y">01</subfield>
  </datafield>
  <datafield tag="952" ind1=" " ind2=" ">
    <subfield code="0">0</subfield>
    <subfield code="1">0</subfield>
    <subfield code="2">ddc</subfield>
    <subfield code="4">0</subfield>
    <subfield code="7">0</subfield>
    <subfield code="a">01</subfield>
    <subfield code="b">01</subfield>
    <subfield code="d">2022-12-12</subfield>
    <subfield code="i">HO/IN/130</subfield>
    <subfield code="o">658.4 KAZ</subfield>
    <subfield code="p">01-B-138686</subfield>
    <subfield code="r">2022-12-12</subfield>
    <subfield code="u">MANAGEMENT</subfield>
    <subfield code="w">2022-12-06</subfield>
    <subfield code="y">01</subfield>
  </datafield>
  <datafield tag="952" ind1=" " ind2=" ">
    <subfield code="0">0</subfield>
    <subfield code="1">0</subfield>
    <subfield code="2">ddc</subfield>
    <subfield code="4">0</subfield>
    <subfield code="7">0</subfield>
    <subfield code="a">01</subfield>
    <subfield code="b">01</subfield>
    <subfield code="d">2022-12-12</subfield>
    <subfield code="i">HO/IN/130</subfield>
    <subfield code="o">658.4 KAZ</subfield>
    <subfield code="p">01-B-138687</subfield>
    <subfield code="r">2022-12-12</subfield>
    <subfield code="u">MANAGEMENT</subfield>
    <subfield code="w">2022-12-06</subfield>
    <subfield code="y">01</subfield>
  </datafield>
  <datafield tag="952" ind1=" " ind2=" ">
    <subfield code="0">0</subfield>
    <subfield code="1">0</subfield>
    <subfield code="2">ddc</subfield>
    <subfield code="4">0</subfield>
    <subfield code="7">0</subfield>
    <subfield code="a">01</subfield>
    <subfield code="b">01</subfield>
    <subfield code="d">2022-12-12</subfield>
    <subfield code="i">HO/IN/130</subfield>
    <subfield code="o">658.4 KAZ</subfield>
    <subfield code="p">01-B-138688</subfield>
    <subfield code="r">2022-12-12</subfield>
    <subfield code="u">MANAGEMENT</subfield>
    <subfield code="w">2022-12-06</subfield>
    <subfield code="y">01</subfield>
  </datafield>
  <datafield tag="952" ind1=" " ind2=" ">
    <subfield code="0">0</subfield>
    <subfield code="1">0</subfield>
    <subfield code="2">ddc</subfield>
    <subfield code="4">0</subfield>
    <subfield code="7">0</subfield>
    <subfield code="a">01</subfield>
    <subfield code="b">01</subfield>
    <subfield code="d">2022-12-12</subfield>
    <subfield code="i">HO/IN/130</subfield>
    <subfield code="o">658.4 KAZ</subfield>
    <subfield code="p">01-B-138689</subfield>
    <subfield code="r">2022-12-12</subfield>
    <subfield code="u">MANAGEMENT</subfield>
    <subfield code="w">2022-12-06</subfield>
    <subfield code="y">01</subfield>
  </datafield>
  <datafield tag="952" ind1=" " ind2=" ">
    <subfield code="0">0</subfield>
    <subfield code="1">0</subfield>
    <subfield code="2">ddc</subfield>
    <subfield code="4">0</subfield>
    <subfield code="7">0</subfield>
    <subfield code="a">01</subfield>
    <subfield code="b">01</subfield>
    <subfield code="d">2022-12-12</subfield>
    <subfield code="i">HO/IN/130</subfield>
    <subfield code="o">658.4 KAZ</subfield>
    <subfield code="p">01-B-138690</subfield>
    <subfield code="r">2022-12-12</subfield>
    <subfield code="u">MANAGEMENT</subfield>
    <subfield code="w">2022-12-06</subfield>
    <subfield code="y">01</subfield>
  </datafield>
  <datafield tag="952" ind1=" " ind2=" ">
    <subfield code="0">0</subfield>
    <subfield code="1">0</subfield>
    <subfield code="2">ddc</subfield>
    <subfield code="4">0</subfield>
    <subfield code="7">0</subfield>
    <subfield code="a">01</subfield>
    <subfield code="b">01</subfield>
    <subfield code="d">2022-12-12</subfield>
    <subfield code="i">HO/IN/130</subfield>
    <subfield code="o">658.4 KAZ</subfield>
    <subfield code="p">01-B-138691</subfield>
    <subfield code="r">2022-12-12</subfield>
    <subfield code="u">MANAGEMENT</subfield>
    <subfield code="w">2022-12-06</subfield>
    <subfield code="y">01</subfield>
  </datafield>
  <datafield tag="952" ind1=" " ind2=" ">
    <subfield code="0">0</subfield>
    <subfield code="1">0</subfield>
    <subfield code="2">ddc</subfield>
    <subfield code="4">0</subfield>
    <subfield code="7">0</subfield>
    <subfield code="a">01</subfield>
    <subfield code="b">01</subfield>
    <subfield code="d">2022-12-12</subfield>
    <subfield code="i">HO/IN/130</subfield>
    <subfield code="o">658.4 KAZ</subfield>
    <subfield code="p">01-B-138692</subfield>
    <subfield code="r">2022-12-12</subfield>
    <subfield code="u">MANAGEMENT</subfield>
    <subfield code="w">2022-12-06</subfield>
    <subfield code="y">01</subfield>
  </datafield>
  <datafield tag="952" ind1=" " ind2=" ">
    <subfield code="0">0</subfield>
    <subfield code="1">0</subfield>
    <subfield code="2">ddc</subfield>
    <subfield code="4">0</subfield>
    <subfield code="7">0</subfield>
    <subfield code="a">01</subfield>
    <subfield code="b">01</subfield>
    <subfield code="d">2022-12-12</subfield>
    <subfield code="i">HO/IN/130</subfield>
    <subfield code="o">658.4 KAZ</subfield>
    <subfield code="p">01-B-138693</subfield>
    <subfield code="r">2022-12-12</subfield>
    <subfield code="u">MANAGEMENT</subfield>
    <subfield code="w">2022-12-06</subfield>
    <subfield code="y">01</subfield>
  </datafield>
  <datafield tag="952" ind1=" " ind2=" ">
    <subfield code="0">0</subfield>
    <subfield code="1">0</subfield>
    <subfield code="2">ddc</subfield>
    <subfield code="4">0</subfield>
    <subfield code="7">0</subfield>
    <subfield code="a">01</subfield>
    <subfield code="b">01</subfield>
    <subfield code="d">2022-12-12</subfield>
    <subfield code="i">HO/IN/130</subfield>
    <subfield code="o">658.4 KAZ</subfield>
    <subfield code="p">01-B-138694</subfield>
    <subfield code="r">2022-12-12</subfield>
    <subfield code="u">MANAGEMENT</subfield>
    <subfield code="w">2022-12-06</subfield>
    <subfield code="y">01</subfield>
  </datafield>
  <datafield tag="952" ind1=" " ind2=" ">
    <subfield code="0">0</subfield>
    <subfield code="1">0</subfield>
    <subfield code="2">ddc</subfield>
    <subfield code="4">0</subfield>
    <subfield code="7">0</subfield>
    <subfield code="a">01</subfield>
    <subfield code="b">01</subfield>
    <subfield code="d">2022-12-12</subfield>
    <subfield code="i">HO/IN/130</subfield>
    <subfield code="o">658.4 KAZ</subfield>
    <subfield code="p">01-B-138695</subfield>
    <subfield code="r">2022-12-12</subfield>
    <subfield code="u">MANAGEMENT</subfield>
    <subfield code="w">2022-12-06</subfield>
    <subfield code="y">01</subfield>
  </datafield>
  <datafield tag="952" ind1=" " ind2=" ">
    <subfield code="0">0</subfield>
    <subfield code="1">0</subfield>
    <subfield code="2">ddc</subfield>
    <subfield code="4">0</subfield>
    <subfield code="7">0</subfield>
    <subfield code="a">01</subfield>
    <subfield code="b">01</subfield>
    <subfield code="d">2022-12-12</subfield>
    <subfield code="i">HO/IN/130</subfield>
    <subfield code="o">658.4 KAZ</subfield>
    <subfield code="p">01-B-138696</subfield>
    <subfield code="r">2022-12-12</subfield>
    <subfield code="u">MANAGEMENT</subfield>
    <subfield code="w">2022-12-06</subfield>
    <subfield code="y">01</subfield>
  </datafield>
  <datafield tag="952" ind1=" " ind2=" ">
    <subfield code="0">0</subfield>
    <subfield code="1">0</subfield>
    <subfield code="2">ddc</subfield>
    <subfield code="4">0</subfield>
    <subfield code="7">0</subfield>
    <subfield code="a">01</subfield>
    <subfield code="b">01</subfield>
    <subfield code="d">2022-12-12</subfield>
    <subfield code="i">HO/IN/130</subfield>
    <subfield code="o">658.4 KAZ</subfield>
    <subfield code="p">01-B-138697</subfield>
    <subfield code="r">2022-12-12</subfield>
    <subfield code="u">MANAGEMENT</subfield>
    <subfield code="w">2022-12-06</subfield>
    <subfield code="y">01</subfield>
  </datafield>
  <datafield tag="952" ind1=" " ind2=" ">
    <subfield code="0">0</subfield>
    <subfield code="1">0</subfield>
    <subfield code="2">ddc</subfield>
    <subfield code="4">0</subfield>
    <subfield code="7">0</subfield>
    <subfield code="a">01</subfield>
    <subfield code="b">01</subfield>
    <subfield code="d">2022-12-12</subfield>
    <subfield code="i">HO/IN/130</subfield>
    <subfield code="o">658.4 KAZ</subfield>
    <subfield code="p">01-B-138698</subfield>
    <subfield code="r">2022-12-12</subfield>
    <subfield code="u">MANAGEMENT</subfield>
    <subfield code="w">2022-12-06</subfield>
    <subfield code="y">01</subfield>
  </datafield>
  <datafield tag="952" ind1=" " ind2=" ">
    <subfield code="0">0</subfield>
    <subfield code="1">0</subfield>
    <subfield code="2">ddc</subfield>
    <subfield code="4">0</subfield>
    <subfield code="7">0</subfield>
    <subfield code="a">01</subfield>
    <subfield code="b">01</subfield>
    <subfield code="d">2022-12-12</subfield>
    <subfield code="i">HO/IN/130</subfield>
    <subfield code="o">658.4 KAZ</subfield>
    <subfield code="p">01-B-138699</subfield>
    <subfield code="r">2022-12-12</subfield>
    <subfield code="u">MANAGEMENT</subfield>
    <subfield code="w">2022-12-06</subfield>
    <subfield code="y">01</subfield>
  </datafield>
</record>
